Komunikácia v organizácii počas situácie nezhôd a konfliktov
Postavenie človeka v pracovnom procese. Klasifikácia konfliktov na pracovisku. Konfliktné situácie a nezhody. Psychologické a sociálnopsychologické príčiny vzniku nezhôd. Chyby pri riešení konfliktov. Tvorivosť pri riešení konfliktov. Porovnanie spolupráce a súperenia. Afekty, agresivita, hnev a há...
Enregistré dans:
| Auteur principal: | |
|---|---|
| Autres auteurs: | |
| Format: | Chapitre de livre |
| Langue: | slovaque |
| Sujets: | |
| Tags: |
Pas de tags, Soyez le premier à ajouter un tag!
|
MARC
| LEADER | 00000naa$a2200000$$$4500 | ||
|---|---|---|---|
| 001 | 0048169 | ||
| 005 | 20230918125524.4 | ||
| 041 | 0 | |a slo | |
| 044 | |a SK | ||
| 245 | 1 | 0 | |a Komunikácia v organizácii počas situácie nezhôd a konfliktov |c Vladimír Frk, Jozef Kredátus |
| 520 | |a Postavenie človeka v pracovnom procese. Klasifikácia konfliktov na pracovisku. Konfliktné situácie a nezhody. Psychologické a sociálnopsychologické príčiny vzniku nezhôd. Chyby pri riešení konfliktov. Tvorivosť pri riešení konfliktov. Porovnanie spolupráce a súperenia. Afekty, agresivita, hnev a hádky v interpersonálnych vzťahoch. Aktívne sociálne učenie programové ako metóda nácviku. Ilustračný príklad k metóde ASUP. | ||
| 610 | 2 | 0 | |a komunikácia sociálna |
| 610 | 2 | 0 | |a komunikácia firemná |
| 610 | 2 | 0 | |a konflikty |
| 610 | 2 | 0 | |a proces pracovný |
| 610 | 2 | 0 | |a skupiny pracovné |
| 610 | 2 | 0 | |a psychológia práce |
| 610 | 2 | 0 | |a manažéri |
| 610 | 2 | 0 | |a vzťahy medziľudské |
| 100 | 1 | |a Frk, Vladimír | |
| 700 | 1 | |a Kredátus, Jozef | |